Le Médecin malgré lui (Registro nro. 305927)

Detalles MARC
000 -ENCABEZADO
Número de control [NR] 01297nam a22002777a 4500
005 - FECHA Y HORA DE LA ÚLTIMA TRANSACCIÓN
control field 20170207082452.0
008 - DE LONGITUD FIJA DE DATOS DE ELEMENTOS - INFORMACIÓN GENERAL
Elementos de longitud fija [NR] 170206n xxu||||fr|||| 000 h fre d
040 ## - FUENTE DE CATALOGACION [NR]
Agencia de catalogación original [NR] CO-BoUCM
Idioma de catalogación [NR] spa
Quien Cataloga Sandra Yazo
Quien Clasifica Sandra Yazo
041 0# - CODIGO DE IDIOMA [R]
Código de idioma para texto/pista de sonido o título separado [R] Francés
082 04 - NUMERO DE CLASIFICACION DECIMAL DEWEY [R]
Número de la edición [NR] 20
Número de clasificación [R] 842.4
092 ## - SIGNATURA TOPOGRAFICA LOCAL
Número de clasificación local E42N025
100 1# - ASIENTO PRINCIPAL--NOMBRE PERSONAL [NR]
ID Autoridad 2364
Nombre personal [NR] Molière, Juan Bautista Poquelin
242 03 - TRADUCCION DEL TITULO POR LA AGENCIA CATALOGADORA [R]
Título [NR] El médico a palos
Parte restante del título [NR] Comedia en prosa y tres actos
Código de idioma del título traducido [NR] spa
Mención de responsabilidad, etc. [NR] Molière
245 13 - MENCION DE TITULO [NR]
Título [NR] Le Médecin malgré lui
Parte restante del título [NR] Comédie en trois actes et en prose
Mención de responsabilidad, etc. [NR] Molière
260 ## - PUBLICACION, DISTRIBUCION, ETC. (PIE DE IMPRENTA) [R]
Lugar de publicación, distribución, etc. [R] [Lugar desconocido]
Nombre del editor, distribuidor, etc. [R] [Editorial desconocida]
Fecha de publicación, distribución, etc. [R] [fecha desconocida]
300 ## - DESCRIPCION FISICA [R]
Extensión [R] [3], 444-51, [1] páginas
Dimensiones [R] 20 x 13 cm
500 ## - NOTA GENERAL [R]
Nota general [NR] Detalles físicos: Sin la encuadernación original, actualmente encuadernación rígida. Cartón duro forrado en papel jaspeado. Anteportada. Texto impreso en una sola columna. Papel manchado por oxidación de tintas. Ejemplar mutilo, sin portada y primeras 441 páginas. Datos de publicación tomados de la anteportada
505 0# - NOTA DE CONTENIDO CON FORMATO PREESTABLECIDO [R]
Nota de contenido con formato preestablecido [NR] El médico a palos: Acto I - III
506 ## - NOTA DE RESTRICCIONES DE ACCESO [R]
Condiciones de acceso [NR] Consulta en sala
546 ## - NOTA DE IDIOMA [R]
Nota de idioma [NR] Texto en francés
650 #7 - ASIENTO SECUNDARIO DE MATERIA - TERMINO TEMATICO [R]
9 (RLIN) 25063
Término temático o nombre geográfico como elemento de entrada [NR] Teatro francés
650 #7 - ASIENTO SECUNDARIO DE MATERIA - TERMINO TEMATICO [R]
9 (RLIN) 11179
Término temático o nombre geográfico como elemento de entrada [NR] Comedia francesa
650 #7 - ASIENTO SECUNDARIO DE MATERIA - TERMINO TEMATICO [R]
Término temático o nombre geográfico como elemento de entrada [NR] Literatura francesa
9 (RLIN) 7794
690 ## - ASUNTO AGREGADO LOCAL DE ENTRADA - TÉRMINO TEMÁTICO (OCLC, RLIN)
Acceso temático local Literatura europeana
9 (RLIN) 77087
942 ## - ELEMENTOS DE ENTRADA AGREGADOS (KOHA)
Sistema de clasificación LOCAL
Tipo de ítem principal el descrito en 300a Libro
Edición 1
Clasificación E42N025
Existencias
Suprimido Perdido Sistema de clasificación Dañado No prestable Tipo de ítem específico Ubicación habitual Ubicación actual Localización Fecha de creación Forma de adquisición Costo Total préstamos Signatura topográfica Código de barras Última vez visto Ejemplar Price effective from Tipo de ítem
    LOCAL     Libro archivo Archivo Histórico Archivo Histórico Archivo histórico 07/02/2017 Donación 0.00   E42N025 L006125 07/02/2017 Ej.1 07/02/2017 Libro